000 00693nam a2200265Ia 4500
005 20260121170214.0
008 008 260114s9999 xx 000 0 eng d
020 _a9789811053467
037 _aEBOOK
040 _aCRL
040 _beng
040 _cCRL
041 _2eng
041 _aeng
084 _qCRL
100 _aJayeeta Chattopadhyay, Rohit Srivastava
_91061074
245 0 _aAdvanced Nanomaterials in Biomedical, Sensor and Energy Applications
260 _bSpringer
260 _bSpringer
260 _c2017
856 _uhttps://link.springer.com/openurl?genre=book&isbn=978-981-10-5346-7
942 _cEBOOK
999 _c1626803
_d1626803